[Event "Asia-ch Universities"]
[Site "Chess.com INT"]
[Date "2020.12.29"]
[Round "9"]
[White "Isakjanov, Kelsinbek"]
[Black "Krachangpun, Nathat"]
[Result "1/2-1/2"]
[WhiteElo "2070"]
[BlackElo "1769"]
[PlyCount "51"]
[EventDate "2020.12.27"]
[EventType "swiss"]
[EventRounds "9"]
[EventCountry "IRI"]
[SourceTitle "CBM 200 Extra"]
[Source "ChessBase"]
[SourceDate "2021.03.31"]
[SourceVersion "1"]
[SourceVersionDate "2021.03.31"]
[SourceQuality "1"]

1. d4 g6 2. c4 Bg7 3. Nc3 Nf6 4. e4 d6 5. Nf3 0-0 6. Be2 Nc6 7. 0-0 e5 8. dxe5 Nxe5 9. Bg5 h6 10. Bh4 Nxf3+ 11. Bxf3 g5 12. Bg3 Re8 13. e5 dxe5 14. Qxd8 Rxd8 15. Bxe5 c6 16. Rad1 Be6 17. b3 Nd7 18. Bxg7 Kxg7 19. Rd6 Ne5 20. Rfd1 Rd7 21. c5 Rad8 22. Be4 Kf6 23. Bc2 Ke7 24. Ne4 f5 25. Rxd7+ Nxd7 26. Ng3 1/2-1/2

[Event "Bishkek Smart Cup 3rd"]
[Site "Bishkek"]
[Date "2018.03.23"]
[Round "7"]
[White "Chubakov, Sultan"]
[Black "Isakjanov, Kelsinbek"]
[Result "0-1"]
[WhiteElo "1764"]
[BlackElo "2084"]
[PlyCount "106"]
[EventDate "2018.03.17"]
[EventType "tourn"]
[EventRounds "7"]
[EventCountry "KGZ"]
[SourceTitle "EXT 2019"]
[Source "ChessBase"]
[SourceDate "2018.10.10"]
[SourceVersion "1"]
[SourceVersionDate "2018.10.10"]
[SourceQuality "1"]

1. d4 d5 2. c4 e6 3. Nf3 Nf6 4. g3 Bb4+ 5. Bd2 Be7 6. Bg2 0-0 7. 0-0 c6 8. Qc2 Nbd7 9. Bf4 Re8 10. Rd1 Ne4 11. Bc1 Bf6 12. Nbd2 Nxd2 13. Bxd2 Qe7 14. e4 dxe4 15. Qxe4 e5 16. dxe5 Nxe5 17. Nxe5 Qxe5 18. Qxe5 Bxe5 19. Re1 Bf5 20. Bc3 Bxc3 21. bxc3 Kf8 22. f4 Rad8 23. Red1 Bc2 24. Rd4 Bd3 25. Bf1 Bf5 26. Rad1 Rxd4 27. cxd4 Re3 28. Kf2 Ra3 29. Ra1 Be4 30. Be2 Ke7 31. Ke1 Bd3 32. Bxd3 Rxd3 33. Rd1 Re3+ 34. Kf2 Rc3 35. c5 b5 36. cxb6 axb6 37. Rb1 b5 38. d5 Rc2+ 39. Ke3 Kd6 40. dxc6 Kxc6 41. h4 Rxa2 42. Rc1+ Kb6 43. g4 Rg2 44. Kf3 Rh2 45. h5 b4 46. f5 b3 47. Rb1 b2 48. Kg3 Rd2 49. g5 Kc5 50. g6 fxg6 51. h6 gxh6 52. f6 Kd6 53. Re1 Rd5 0-1

[Event "KGZ-ch U20"]
[Site "Bishkek"]
[Date "2017.03.25"]
[Round "3"]
[White "Taalaibekov, Tagir"]
[Black "Isakjanov, Kelsinbek"]
[Result "1-0"]
[WhiteElo "2188"]
[BlackElo "2060"]
[PlyCount "49"]
[EventDate "2017.03.23"]
[EventType "swiss"]
[EventRounds "7"]
[EventCountry "KGZ"]
[SourceTitle "EXT 2018"]
[Source "ChessBase"]
[SourceDate "2017.10.13"]
[SourceVersion "1"]
[SourceVersionDate "2017.10.13"]
[SourceQuality "1"]

1. d4 Nf6 2. Bf4 g6 3. Nc3 Bg7 4. e4 d6 5. Qe2 Nc6 6. 0-0-0 Nh5 7. Be3 e5 8. dxe5 Bxe5 9. Nd5 Ne7 10. f4 Nxd5 11. exd5 Bg7 12. g4 Nf6 13. f5 0-0 14. Qf3 Re8 15. Bd4 Ne4 16. h4 gxf5 17. gxf5 Bh6+ 18. Kb1 Nd2+ 19. Rxd2 Bxd2 20. Qg3+ Bg5 21. Nf3 Bxf5 22. Nxg5 Bg6 23. Bd3 Qe7 24. h5 Bxd3 25. Nxf7+ 1-0

[Event "KGZ-ch FL"]
[Site "Bishkek"]
[Date "2017.02.15"]
[Round "3"]
[White "Abylkasymov, Kairatbek"]
[Black "Isakjanov, Kelsinbek"]
[Result "0-1"]
[WhiteElo "1719"]
[BlackElo "2061"]
[PlyCount "80"]
[EventDate "2017.02.15"]
[EventType "swiss"]
[EventRounds "9"]
[EventCountry "KGZ"]
[SourceTitle "CBM 177 Extra"]
[Source "ChessBase"]
[SourceDate "2017.04.27"]
[SourceVersion "1"]
[SourceVersionDate "2017.04.27"]
[SourceQuality "1"]

1. e4 g6 2. d4 Bg7 3. c4 d6 4. Nc3 Nf6 5. f4 0-0 6. Nf3 Bg4 7. e5 Nfd7 8. Be2 c5 9. Be3 cxd4 10. Bxd4 Nc6 11. 0-0 dxe5 12. Nxe5 Bxe2 13. Nxe2 Ncxe5 14. Bxe5 Bxe5 15. fxe5 Nxe5 16. Qb3 Qc7 17. Qg3 Qb6+ 18. Kh1 Nxc4 19. b3 Qe3 20. bxc4 Qxe2 21. Qb3 Rac8 22. Qxb7 Qxc4 23. Qxe7 Rc7 24. Qg5 Rc5 25. Rfc1 Qxc1+ 26. Qxc1 Rxc1+ 27. Rxc1 Rd8 28. h3 Rd2 29. Ra1 a5 30. Kh2 a4 31. a3 Rd3 32. Kg1 Kg7 33. Kf2 g5 34. Ke2 Rb3 35. Ra2 Kg6 36. Ra1 h6 37. Kf2 Kf5 38. g4+ Kf4 39. Ra2 Rxh3 40. Kg2 Kxg4 0-1

[Event "KGZ-ch FL"]
[Site "Bishkek"]
[Date "2017.02.15"]
[Round "8"]
[White "Isakjanov, Kelsinbek"]
[Black "Sezdbekov, Arzybek"]
[Result "1-0"]
[WhiteElo "2061"]
[BlackElo "1911"]
[PlyCount "103"]
[EventDate "2017.02.15"]
[EventType "swiss"]
[EventRounds "9"]
[EventCountry "KGZ"]
[SourceTitle "CBM 177 Extra"]
[Source "ChessBase"]
[SourceDate "2017.04.27"]
[SourceVersion "1"]
[SourceVersionDate "2017.04.27"]
[SourceQuality "1"]

1. d4 Nf6 2. c4 e6 3. Nf3 d5 4. e3 c6 5. Nc3 Nbd7 6. Bd3 Bd6 7. 0-0 0-0 8. e4 dxe4 9. Nxe4 Nxe4 10. Bxe4 f5 11. Bc2 Nf6 12. Re1 h6 13. Bd2 Qc7 14. Bc3 Rd8 15. Qe2 Qf7 16. Rad1 Re8 17. Ne5 Bxe5 18. dxe5 Nh5 19. Rd4 g5 20. Red1 b6 21. Ba4 Bb7 22. Rd7 Nf4 23. Qf3 Re7 24. Rxb7 Rxb7 25. Bxc6 Rab8 26. Bxb7 Rxb7 27. Bb4 Rd7 28. h4 Kh7 29. Rd6 Rc7 30. b3 Qg7 31. hxg5 Qxe5 32. Qe3 Ne2+ 33. Kf1 Qxe3 34. fxe3 Ng3+ 35. Ke1 hxg5 36. Rxe6 Rf7 37. c5 bxc5 38. Bxc5 Ne4 39. Bd4 Rc7 40. g4 Rc1+ 41. Ke2 Rc2+ 42. Kd3 Rxa2 43. gxf5 Nf2+ 44. Kc4 Rc2+ 45. Kd5 Ng4 46. Ra6 Nh2 47. Rxa7+ Kh6 48. f6 Rc8 49. f7 Kg6 50. Bc5 Ng4 51. f8Q Nxe3+ 52. Ke4 1-0

[Event "KGZ-ch FL"]
[Site "Bishkek"]
[Date "2017.02.15"]
[Round "6"]
[White "Sezdbekov, Ruslan"]
[Black "Isakjanov, Kelsinbek"]
[Result "1/2-1/2"]
[WhiteElo "2134"]
[BlackElo "2061"]
[PlyCount "40"]
[EventDate "2017.02.15"]
[EventType "swiss"]
[EventRounds "9"]
[EventCountry "KGZ"]
[SourceTitle "CBM 177 Extra"]
[Source "ChessBase"]
[SourceDate "2017.04.27"]
[SourceVersion "1"]
[SourceVersionDate "2017.04.27"]
[SourceQuality "1"]

1. e4 g6 2. d4 Bg7 3. Nf3 d6 4. Nc3 Nf6 5. h3 0-0 6. Be3 Nc6 7. Qd2 e5 8. dxe5 Nxe5 9. Be2 Be6 10. Nxe5 dxe5 11. 0-0 Qxd2 12. Bxd2 c6 13. Be3 Rfd8 14. Rfd1 Rxd1+ 15. Rxd1 Bf8 16. a3 Nd7 17. Bf1 Nc5 18. Be2 Nd7 19. Bf1 Nc5 20. Be2 Nd7 1/2-1/2

[Event "Cholpon Ata Issyk Kul op"]
[Site "Cholpon Ata"]
[Date "2016.06.29"]
[Round "9"]
[White "Pahomeev, Oleg"]
[Black "Isakjanov, Kelsinbek"]
[Result "1/2-1/2"]
[WhiteElo "1988"]
[BlackElo "2050"]
[PlyCount "138"]
[EventDate "2016.06.21"]
[EventType "swiss"]
[EventRounds "9"]
[EventCountry "KGZ"]
[SourceTitle "EXT 2017"]
[Source "ChessBase"]
[SourceDate "2016.10.25"]
[SourceVersion "1"]
[SourceVersionDate "2016.10.25"]
[SourceQuality "1"]

1. e4 g6 2. d4 Bg7 3. Nc3 d6 4. h3 Nf6 5. Nf3 0-0 6. Be3 Nc6 7. Qd2 e5 8. d5 Ne7 9. 0-0-0 Nxe4 10. Nxe4 f5 11. Bh6 fxe4 12. Bxg7 Kxg7 13. Ng5 Nxd5 14. Nxh7 Kxh7 15. Qxd5 Rxf2 16. Bc4 c6 17. Qxd6 Qxd6 18. Rxd6 b5 19. Bb3 e3 20. g4 Ba6 21. Re1 b4 22. Rxe3 Rf1+ 23. Kd2 Raf8 24. Re1 R8f2+ 25. Ke3 Rf3+ 26. Ke4 Rxe1+ 27. Kxf3 Bb5 28. Rd7+ Kh8 29. h4 Rf1+ 30. Kg2 e4 31. Rf7 Rxf7 32. Bxf7 Kg7 33. Be8 g5 34. hxg5 e3 35. Kf3 e2 36. Kf2 a5 37. c3 Bc4 38. cxb4 axb4 39. Bxc6 Bxa2 40. Kxe2 Kg6 41. Ke3 Kxg5 42. Bd7 Bb3 43. Kd4 Bd1 44. Kc4 b3 45. Kc3 Kf6 46. Kd2 Bf3 47. Ke3 Bd1 48. Kf4 Bc2 49. g5+ Kg6 50. Be8+ Kg7 51. Bc6 Bd1 52. Be4 Bc2 53. Ke3 Bd1 54. Kd2 Bg4 55. Kc3 Bd1 56. Bd3 Kf7 57. Bc4+ Kg6 58. Bxb3 Bf3 59. Kd4 Kxg5 60. Bd5 Be2 61. Bc4 Bd1 62. Bb5 Kf6 63. b4 Ke7 64. Kc5 Kd8 65. Kb6 Kc8 66. Ka7 Kc7 67. Bd3 Ba4 68. Be2 Bd7 69. Bf3 Ba4 1/2-1/2

[Event "Cholpon Ata Issyk Kul op"]
[Site "Cholpon Ata"]
[Date "2016.06.26"]
[Round "6"]
[White "Isakjanov, Kelsinbek"]
[Black "Maznitsin, Andrei"]
[Result "0-1"]
[WhiteElo "2050"]
[BlackElo "2246"]
[PlyCount "64"]
[EventDate "2016.06.21"]
[EventType "swiss"]
[EventRounds "9"]
[EventCountry "KGZ"]
[SourceTitle "EXT 2017"]
[Source "ChessBase"]
[SourceDate "2016.10.25"]
[SourceVersion "1"]
[SourceVersionDate "2016.10.25"]
[SourceQuality "1"]

1. d4 d5 2. c4 e6 3. Nf3 Nf6 4. Nc3 Be7 5. e3 0-0 6. Bd3 Nbd7 7. 0-0 b6 8. e4 dxe4 9. Nxe4 Bb7 10. Qe2 c5 11. Rd1 Qc7 12. Bg5 Rad8 13. Rac1 Rfe8 14. h3 a6 15. Bb1 cxd4 16. Rxd4 h6 17. Nxf6+ Nxf6 18. Be3 e5 19. Rdd1 e4 20. Nd4 Qe5 21. g3 Nh5 22. Kg2 Bd6 23. Rc3 Nxg3 24. fxg3 Qxg3+ 25. Kh1 Qxh3+ 26. Kg1 Be5 27. Qg2 Qh5 28. Rd2 Rd6 29. Kf1 Rg6 30. Bxe4 Rxg2 31. Bxg2 Bxg2+ 32. Kxg2 Qg4+ 0-1

[Event "Cholpon Ata Issyk Kul op"]
[Site "Cholpon Ata"]
[Date "2016.06.23"]
[Round "3"]
[White "Slessarchuk, Yelena"]
[Black "Isakjanov, Kelsinbek"]
[Result "0-1"]
[WhiteElo "1700"]
[BlackElo "2050"]
[PlyCount "76"]
[EventDate "2016.06.21"]
[EventType "swiss"]
[EventRounds "9"]
[EventCountry "KGZ"]
[SourceTitle "EXT 2017"]
[Source "ChessBase"]
[SourceDate "2016.10.25"]
[SourceVersion "1"]
[SourceVersionDate "2016.10.25"]
[SourceQuality "1"]

1. e4 g6 2. d4 Bg7 3. Nf3 d6 4. Nc3 Nf6 5. Bc4 0-0 6. Be3 Nc6 7. Qd2 e5 8. d5 Ne7 9. 0-0-0 Ng4 10. Bg5 f6 11. Bh4 Bh6 12. Bg5 Bxg5 13. Nxg5 fxg5 14. f3 Nh6 15. h4 Nf7 16. hxg5 Kg7 17. Rh4 Ng8 18. f4 exf4 19. Qd4+ Ne5 20. Rdh1 h6 21. gxh6+ Kh7 22. Ne2 g5 23. R4h2 Qf6 24. Bd3 Bg4 25. Ng1 c5 26. dxc6 bxc6 27. Nf3 Bxf3 28. gxf3 Ne7 29. Rg2 c5 30. Qc3 Rg8 31. Bc4 Rg6 32. Bb3 a5 33. a4 Rb8 34. Rhg1 Rb4 35. Ba2 Rxa4 36. Qb3 Rb4 37. Qc3 c4 38. Qd4 Nd3+ 0-1

[Event "KGZ-ch"]
[Site "Bishkek"]
[Date "2013.05.13"]
[Round "5"]
[White "Markov, Mikhail2222"]
[Black "Isakjanov, Kelsinbek"]
[Result "1/2-1/2"]
[WhiteElo "2276"]
[BlackElo "1948"]
[PlyCount "75"]
[EventDate "2013.05.09"]
[EventType "swiss"]
[EventRounds "11"]
[EventCountry "KGZ"]
[SourceTitle "CBM 154 Extra"]
[Source "ChessBase"]
[SourceDate "2013.06.25"]
[SourceVersion "2"]
[SourceVersionDate "2013.06.25"]
[SourceQuality "1"]

1. c4 Nf6 2. Nf3 c6 3. Nc3 d5 4. cxd5 cxd5 5. d4 Bg4 6. Ne5 Nc6 7. Nxg4 Nxg4 8. e4 Nf6 9. e5 Ne4 10. Bd3 Nxc3 11. bxc3 e6 12. 0-0 Qc7 13. Bg5 h6 14. Qh5 g6 15. Qh3 Be7 16. Bxe7 Qxe7 17. Bb5 Kf8 18. f4 Kg7 19. g4 h5 20. f5 Qg5 21. fxe6 fxe6 22. Be2 hxg4 23. Qxg4 Qe3+ 24. Kh1 Raf8 25. Rxf8 Rxf8 26. Rg1 Ne7 27. Rg3 Qc1+ 28. Kg2 Qe1 29. Bf3 Qd2+ 30. Kh1 Qc1+ 31. Kg2 Qc2+ 32. Kh1 Qc1+ 33. Kg2 Qc2+ 34. Be2 Rf4 35. Qh5 Rf5 36. Qg4 Rf4 37. Qh5 Rf5 38. Qg4 1/2-1/2

[Event "Central Asia Cup 2nd"]
[Site "Bishkek"]
[Date "2012.06.15"]
[Round "4"]
[White "Isakjanov, Kelsinbek"]
[Black "Lim, Greta"]
[Result "1-0"]
[WhiteElo "1913"]
[BlackElo "2070"]
[PlyCount "87"]
[EventDate "2012.06.12"]
[EventType "swiss"]
[EventRounds "9"]
[EventCountry "KGZ"]
[SourceTitle "EXT 2013"]
[Source "ChessBase"]
[SourceDate "2012.11.22"]
[SourceVersion "1"]
[SourceVersionDate "2012.11.22"]
[SourceQuality "1"]

1. d4 Nf6 2. c4 d5 3. Nf3 c6 4. Nc3 dxc4 5. e3 b5 6. a4 b4 7. Na2 a5 8. Bxc4 e6 9. 0-0 Ba6 10. Qe2 Bxc4 11. Qxc4 Qd5 12. Nd2 Nbd7 13. b3 Bd6 14. Bb2 0-0 15. Rfe1 Qh5 16. h3 Rfc8 17. e4 Bf4 18. Nf3 Nb6 19. Qe2 Nbd7 20. Nc1 Bxc1 21. Raxc1 h6 22. Rc4 Rc7 23. Rec1 Rac8 24. Qe3 Qg6 25. Ne5 Qxe4 26. Qxe4 Nxe4 27. Nxc6 Nb6 28. R4c2 Kf8 29. d5 Nxd5 30. Be5 Ndc3 31. Bxc7 Rxc7 32. Nxa5 Rc5 33. Nc4 Rd5 34. f3 Nc5 35. Rxc3 bxc3 36. Rxc3 Rd1+ 37. Kh2 Rb1 38. Nd2 Rb2 39. Rxc5 Rxd2 40. Rc7 Rb2 41. a5 Ra2 42. b4 Ke8 43. Ra7 Rb2 44. Rb7 1-0

[Event "Central Asia Cup 2nd"]
[Site "Bishkek"]
[Date "2012.06.13"]
[Round "2"]
[White "Gevorgyan, Irina"]
[Black "Isakjanov, Kelsinbek"]
[Result "1/2-1/2"]
[WhiteElo "2156"]
[BlackElo "1913"]
[PlyCount "115"]
[EventDate "2012.06.12"]
[EventType "swiss"]
[EventRounds "9"]
[EventCountry "KGZ"]
[SourceTitle "EXT 2013"]
[Source "ChessBase"]
[SourceDate "2012.11.22"]
[SourceVersion "1"]
[SourceVersionDate "2012.11.22"]
[SourceQuality "1"]

1. Nf3 Nf6 2. c4 g6 3. Nc3 Bg7 4. d4 d6 5. g3 0-0 6. Bg2 c5 7. 0-0 Nbd7 8. b3 e5 9. dxe5 dxe5 10. e4 a6 11. Qc2 Qc7 12. Nd5 Nxd5 13. cxd5 f5 14. Ba3 Qd6 15. Nd2 f4 16. Bh3 b6 17. f3 fxg3 18. hxg3 Nf6 19. Nc4 Qd8 20. Bxc8 Rxc8 21. Qh2 Nh5 22. Rad1 b5 23. Ne3 Qg5 24. Ng4 Nf6 25. Bc1 Nxg4 26. Bxg5 Nxh2 27. Kxh2 Bf6 28. Bd2 Be7 29. Kg2 Kg7 30. Bc3 Bd6 31. f4 Rce8 32. fxe5 Bxe5 33. Bxe5+ Rxe5 34. Rxf8 Kxf8 35. Kf3 Ke7 36. d6+ Kd7 37. Kf4 Re8 38. e5 Ke6 39. d7 Rd8 40. Rd6+ Ke7 41. Rxa6 Rxd7 42. a4 Rd4+ 43. Ke3 Rb4 44. axb5 Rxb5 45. Ke4 Rxb3 46. Kd5 Rd3+ 47. Kxc5 Rxg3 48. Kd5 Rd3+ 49. Ke4 Rd1 50. Kf4 Rf1+ 51. Ke4 Re1+ 52. Kf4 Rd1 53. Ke4 Rd2 54. Rb6 Re2+ 55. Kd5 Rd2+ 56. Ke4 Rd7 57. Ra6 Rb7 58. Kd5 1/2-1/2